MARC

Tag First Indicator Second Indicator Subfields
LEADER 00000cam a2200000 a 4500
001 in00002786767
005 20151202171640.0
008 120802s2012 kyu b s001 0 eng
010 |a  2012029590 
020 |a 9780813136929 (hardcover : alk. paper) 
020 |a 081313692X (hardcover : alk. paper) 
020 |a 9780813136936 (epub) 
020 |a 0813136938 (epub) 
020 |a 9780813140858 (pdf) 
020 |a 0813140854 (pdf) 
035 |a (OCoLC)ocn788281960 
040 |a DLC  |c DLC  |d UtOrBLW 
043 |a n-usu-- 
049 |a TXAM 
050 0 0 |a E449  |b .W512 2012 
082 0 0 |a 306.3/620975  |2 23 
100 1 |a West, Emily,  |d 1971- 
245 1 0 |a Family or freedom :  |b people of color in the antebellum South /  |c Emily West. 
264 1 |a Lexington :  |b University Press of Kentucky,  |c [2012] 
264 4 |c ©2012 
300 |a 233 pages ;  |c 24 cm. 
336 |a text  |b txt  |2 rdacontent 
337 |a unmediated  |b n  |2 rdamedia 
338 |a volume  |b nc  |2 rdacarrier 
490 1 |a New directions in southern history 
504 |a Includes bibliographical references and index. 
505 0 |a Presumed enslaved : free people of color and the law in the Southern States -- Free people of color and residency requests -- "Traditional" motivations and white perspectives on voluntary enslavement -- Free people of color and the enslaved -- Expulsion, enslavement, and ties across the color line. 
650 0 |a Free blacks  |z Southern States  |x History  |y 19th century. 
650 0 |a Free blacks  |x Legal status, laws, etc.  |z Southern States  |x History  |y 19th century. 
650 0 |a Free blacks  |x Family relationships  |z Southern States  |x History  |y 19th century. 
650 0 |a Slaves  |x Legal status, laws, etc.  |z Southern States  |x History  |y 19th century. 
650 0 |a Slaves  |x Family relationships  |z Southern States  |x History  |y 19th century. 
650 0 |a Slavery  |z Southern States  |x History  |y 19th century. 
650 0 |a Slavery  |x Law and legislation  |z Southern States  |x History  |y 19th century. 
830 0 |a New directions in southern history. 
945 |a PromptCat 
946 |a stk 
947 |a A14836011175 
948 |a cataloged  |b h  |c 2012/12/12  |d c  |e dmitchel  |f 9:00:00 am 
994 |a 92  |b TXA 
999 |a MARS 
999 f f |s 37f3c860-eaaf-351b-909c-c160d2f838e7  |i 626644a5-37f8-31e9-b491-29345067e19b  |t 0 
952 f f |p normal  |a Texas A&M University  |b College Station  |c Sterling C. Evans Library  |d Evans: Library Stacks  |t 0  |e E449 .W512 2012  |h Library of Congress classification  |i unmediated -- volume  |m A14836011175 
998 f f |a E449 .W512 2012  |t 0  |l Evans: Library Stacks